CBN economic report for the first half of 2015 (Record no. 38115)

MARC details
000 -LEADER
fixed length control field 00666nam a2200169Ia 4500
022 ## - INTERNATIONAL STANDARD SERIAL NUMBER
ISSN 15972976
050 ## - CALL MARK
Classification number HC 1055 .A1 C46/
245 #0 - TITLE STATEMENT
Title CBN economic report for the first half of 2015
260 ## - PUBLICATION, DISTRIBUTION, ETC. (IMPRINT)
Place of publication Ankara
260 ## - PUBLICATION, DISTRIBUTION, ETC. (IMPRINT)
Name of publisher Atlasjet
260 ## - PUBLICATION, DISTRIBUTION, ETC. (IMPRINT)
Year of publication 1981
300 ## - PHYSICAL DESCRIPTION
Number of Pages viii, 142 p. : ill. ; 25 cm.
650 ## - SUBJECT ADDED ENTRY--TOPICAL TERM
Topical Term Agricultural productivity--Nigeria--Statistics--Periodicals. Industrial productivity--Nigeria--Statistics--Periodicals. Finance, Public--Nigeria--Statistics--Periodicals. Nigeria--Economic conditions--Statistics--Periodicals. Nigeria--Commerce--Periodicals.
942 ## - ADDED ENTRY ELEMENTS (KOHA)
Koha item type Serials

No items available.